Wine Regions of Champagne (typing) - Statistics

General Stats
  • This quiz has been taken 116 times
  • The average score is 4 of 5
Answers on the Map
Answers color-coded by a green-red scale on the quiz's map according to % correct below.
 
Answer Stats
Answer % Correct
Côte des Bar
88%
Montagne de Reims
88%
Côte des Blancs
85%
Vallée de la Marne
79%
Côte de Sézanne
76%
No matching quizzes found
Score Distribution
Percent of People with Each Score
Percentile by Number Answered
Your Score History
You have not taken this quiz